| 000 | 00947nam a2200277Ia 4500 | ||
|---|---|---|---|
| 001 | Para_2966 | ||
| 003 | CHAP | ||
| 008 | 220125s1988 xx 000 0 und d | ||
| 010 | _a199591 | ||
| 040 | _cCHAP | ||
| 090 | _aPA FOLLETO 2989 | ||
| 100 |
_aPalomo Gil, Arturo _985025 |
||
| 245 |
_aNazas 87 : _b nueva variedad de algodonero para la Comarca Lagunera / _c por Arturo Palomo Gil |
||
| 260 |
_aMatamoros, Coah. : _b INIA. Campo Agrícola Experimental de la Laguna |
||
| 300 | _a9 p. | ||
| 440 |
_aFolleto para productores; 9 _9164800 |
||
| 650 |
_aAlgodón _x Variedades Algodón _x Comarca Lagunera _9164814 |
||
| 710 |
_aInstituto Nacional de Investigaciones Agrícolas . México. Campo Agrícola Experimental de la Laguna _9164815 |
||
| 901 | _aPA FOLLETO 2989 | ||
| 902 | _aA | ||
| 905 | _a0000001988 MAT 0000000000 00 | ||
| 910 | _a1988 | ||
| 942 | _cPARA | ||
| 942 |
_cPARA _d1 |
||
| 999 |
_c199591 _d199591 |
||